Do caos ao equilíbrio fiscal : (Record no. 976)

MARC details
000 -LÍDER
Campo Fixo de Controle 00649nam a2200217 a 4500
001 - NÚMERO DE CONTROLE
Campo de Controle 976
003 - IDENTIFICAÇÃO DO NÚMERO DE CONTROLE
Campo de Controle BR-CuiBMT
005 - DATA E HORA DA ÚLTIMA ATUALIZAÇÃO
Campo de Controle 20231128215201.0
008 - DADOS FIXOS
Dados Fixos 231124s2001 mtda 000 0 por d
020 ## - INTERNATIONAL STANDARD BOOK NUMBER
Nº do ISBN 8587226061
040 ## - AGÊNCIA CATALOGADORA
Código da Agência Catalogadora BR-CuiBMT
Agência que transcreveu o registro BR-CuiBMT
080 ## - Nº DA CLASSIFICAÇÃO DECIMAL UNIVERSAL
Nº edição CDU 2007
Nº Class. CDU 336.02
Subd. Auxiliar Comum (817.2)
090 ## - NÚMERO DE CHAMADA
Nº classificação 336.02(817.2)
Cutter A326d
100 1# - ENTRADA PRINCIPAL -- AUTOR PESSOAL
Nome pessoal Albano, Valter
245 10 - TÍTULO PRINCIPAL
Título principal Do caos ao equilíbrio fiscal :
Subtítulo uma difícil travessia /
Indicação de responsabilidade Valter Albano.
260 ## - PUBLICAÇÃO, DISTRIBUIÇÃO, ETC.
Local de publicação Cuiabá :
Editora Entrelinhas,
Data 2001.
300 ## - DESCRIÇÃO FÍSICA
N. páginas ou volumes 144 p. :
Ilustrações il. ;
Dimensões 23 cm
650 ## - ASSUNTO TÓPICO
Cabeçalho tópico ou nome geográfico Administração tributária
Subdivisão geográfica Mato Grosso
650 ## - ASSUNTO TÓPICO
Cabeçalho tópico ou nome geográfico Política tributária
Subdivisão geográfica Mato Grosso
942 ## - ELEMENTOS DE ENTRADA ADICIONAIS (KOHA)
Fonte de classificação ou esquema de arquivamento Classificação Decimal Universal
Tipo de item do Koha Livros
Holdings
Estado: removido Estado: perdido Fonte de classificação ou esquema de arquivamento Estado: danificado Indisponível para empréstimo Localização permanente Localização atual Data de aquisição Total Checkouts Número de Chamada completo Código de barras Date last seen Número do exemplar Preço efetivo a partir de Tipo de item (Koha)
    Classificação Decimal Universal     Biblioteca da Escola Superior de Contas do TCE/MT Biblioteca da Escola Superior de Contas do TCE/MT 23/09/2008   336.02(817.2) A326d BIBTCEMT23111047 24/11/2023 Ex. 1 24/11/2023 Livros

Powered by Koha